Nihon keizai ron : shiteki katei to genjō bunseki /

Saved in:
நூற்பட்டியல் விவரங்கள்
தலைமை எழுத்தாளர்: Toyama, Masao, 1925-
வடிவம்: புத்தகம்
மொழி:Japanese
வெளியீடப்பட்டது: Tōkyō : Kōbundō Shuppansha, Shōwa 44 [1969]
பகுதிகள்:
குறியீடுகள்: குறிச்சொல் இணை
குறியீடுகள் இல்லை, இந்த குறிச்சொல்லை முதலில் பதிவு செய்யுங்கள்!
LEADER 00904nam a2200265 i 4500
001 007777754-9
005 20024617115958.0
008 900116s1969 ja b 000 0 jpn
010 |a 76816288 /J 
015 |a Ja70-2916 
035 0 |a ocm20901556 
040 |a DLC  |c MiEM  |d OCoLC  |d *YNH*  |d CStRLIN 
050 0 0 |a HC462  |b .T66 
100 1 |6 880-01  |a Toyama, Masao,  |d 1925- 
245 1 0 |6 880-02  |a Nihon keizai ron :  |b shiteki katei to genjō bunseki /  |c Toyama Masao cho. 
260 |6 880-03  |a Tōkyō :  |b Kōbundō Shuppansha,  |c Shōwa 44 [1969] 
300 |a 333 p. ;  |c 22 cm. 
504 |a Bibliography: p. 331. 
651 0 |a Japan  |x Economic conditions. 
650 0 |a Capitalism. 
880 1 |6 100-01  |a 外山正夫,  |d 1925- 
880 1 0 |6 245-02  |a 日本経済論 :  |b 史的課程と現状分析 /  |c 外山正夫著. 
880 |6 260-03  |a 東京 :  |b 高文堂出版社,  |c 昭和44 [1969] 
988 |a 20021214 
906 |0 DLC